Les plus gros partenaires commerciaux - Suisse - Statistiques

Statistiques générales
  • Ce quiz a été pris 344 fois
  • Le résultat moyen est 15 sur 19
Statistiques - réponses
exportations importations pays % Correct
17,7 bil 16,4 bil France
100%
43,7 bil 52,0 bil Allemagne
99%
45,9 bil 20,8 bil Chine
98%
37,0 bil 24,0 bil Etats-Unis
98%
14,9 bil 19,8 bil Italie
98%
5,70 bil 5,16 bil Espagne
96%
7,56 bil 7,89 bil Autriche
94%
32,7 bil 19,1 bil Royaume-Uni
93%
7,70 bil 3,59 bil Japon
91%
3,53 bil Canada
89%
6,22 bil 4,85 bil Belgique
85%
14,6 bil Inde
82%
5,13 bil 5,06 bil Pays-Bas
81%
3,07 bil Turquie
71%
2,96 bil Corée du Sud
70%
7,81 bil Irlande
63%
5,05 bil Thaïlande
48%
6,52 bil 3,42 bil Singapour
47%
4,35 bil 16,6 bil Émirats arabes unis
44%
Aucun quiz correspondant
Distribution des résultats
% des personnes avec chaque résultat
Percentile par nombre de réponses
Votre historique - résultats
Vous n’avez pas pris ce quiz